1628 1744 1101 1702 1907 1819 1924 1165 1238 1903 1482 1538 1664 1995 1498 1115 1208 1496 1859 1321 1333 1367 1204 1782 1763 1382 1268 1162 1748 1726 1247 1372 1702 1765 1065 1325 1227 1655 1224 1874 1120 1232 1175 1321 1552 1168 1889 1254 1408 1150 1106 1872 1166 1765 1964 1377 1895 1473 1004 1994 1841 1355 1703 1320 1629 1585 1945 1068 1984 1501 1473 1030 1488 1437 1298 1048 1593 1869 1012 1407 1658 1376 1449 1714 1279 1379 1092 1120 1914 1072 1989 1350 1525 1876 1407 1178 1274 1669 2000 BCNSPRNW ULIB Ver.6.0+V

เปลี่ยนเป็นภาษาไทย

Change to English
 แสดงรายละเอียดบรรณานุกรม
  กลับหน้าหลัก

Brief Record : Get Marc (ISO 2709) : E-mail record : QR code < ปิดหน้าต่าง
LEADER : 00000nam 2200000uu 4500
001    13399121619
003     ULIB
008    121127s||||||||th 000 0 tha d
060 04 ^aWC750^bย339ม
245 00 ^aมาลาเรีย /^cบรรณาธิการ, ยงยุทธ ยุทธวงศ์, ศิรศักดิ์ เทพาคำ,ศศิธร เทศน์อรรถภาคย์
246 14 ^aมาลาเรีย :^bภัยมืดที่โลกลืม
260    ^a[กรุงเทพฯ] :^bงานสื่อสิ่งพิมพ์ศูนย์พันธุวิศวกรรมและเทคโนโลยีชีวภาพแห่งชาติสำนักงานพัฒนาวิทยาศาสตร์และเทคโนโลยีแห่งชาติ
300    ^avi, 139 หน้า :^bภาพประกอบ ;^c24 ซม.
500    ^aSend to Single Search
650  4 ^aมาลาเรีย^xการรักษาด้วยยา
650  4 ^aมาลาเรีย
650  4 ^aยารักษามาลาเรีย
700 0  ^aยงยุทธ ยุทธวงศ์,^eบรรณาธิการ
700 0  ^aศิรศักดิ์ เทพาคำ,^eบรรณาธิการ
700 0  ^aศศิธร เทศน์อรรถภาคย์^eบรรณาธิการ
710 2  ^aสำนักงานพัฒนาวิทยาศาสตร์และเทคโนโลยีแห่งชาติ.^bศูนย์พันธุวิศวกรรมและเทคโนโลยีแห่งชาติ.^bงานสื่อสิ่งพิมพ์
710 2  ^aศูนย์พันธุวิศวกรรมและเทคโนโลยีแห่งชาติ
945    ^p150^l0^i15426
995    ^aกัณชพร
999    ^aกัณชพร
รายการนี้ยังไม่มีแท็ก
คุณยังไม่ได้ล็อกอิน คุณสามารถมีกิจกรรมร่วมกับเว็บไซต์ได้ แต่ต้องล็อกอินก่อน ::
  ล็อกอิน

รายการสื่อสารสนเทศ

ลำดับที่ ประเภท เลขเรียก/บาร์โค้ด สถานที่ สถานะ
1. วิทยาศาสตร์การแพทย์ และสุขภาพ
วิทยาศาสตร์การแพทย์ และสุขภาพ
WC750 ย339ม  
  Barcode: 15426
ห้องสมุดวิทยาเขตสวรรค์ประชารักษ์
►หนังสือทั่วไป
บนชั้น

รายการใกล้เคียง
    หัวเรื่อง [มาลาเรีย]
    หัวเรื่อง [ยารักษามาลาเรีย]

BibComment


ยังไม่เคยถูกคอมเมนท์

คอมเมนท์ทรัพยากรรายการนี้
  คอมเมนท์: มาลาเรีย บรรณาธ..


 Copyright 2026. Bcnsprnw @Library